Carregant...
Physical chemistry /
| Autor principal: | |
|---|---|
| Altres autors: | |
| Format: | Printed Book |
| Publicat: |
New York:
John Wiley,
1995.
|
| Edició: | 1st.ed. |
| Matèries: |
| LEADER | 00558cam a2200193ua 4500 | ||
|---|---|---|---|
| 020 | |a 9971-51-178-9 | ||
| 082 | |a 541.3 |b ALB/P | ||
| 100 | |a Alberty,Robert A | ||
| 245 | 1 | 0 | |a Physical chemistry / |
| 250 | |a 1st.ed. | ||
| 260 | |a New York: |b John Wiley, |c 1995. | ||
| 300 | |a xiii,898p.. | ||
| 500 | |a Includes index. | ||
| 650 | |a Physical chemistry | ||
| 650 | 0 | |a Chemistry | |
| 700 | 0 | 2 | |a Silbey,Robert J. |
| 942 | |c BK | ||
| 999 | |c 4317 |d 4317 | ||
| 952 | |0 0 |1 0 |4 0 |6 541_300000000000000_ALB |7 0 |9 4502 |a KUCL |b KUCL |d 2014-05-23 |l 0 |o 541.3 ALB/ |p 07470 |r 2014-05-23 |w 2014-05-23 |y BK | ||